[Event "8 Player Open 10"]
[Site "SchemingMind.com"]
[Date "2014.08.25"]
[Round "-"]
[White "ray winteringham"]
[Black "greghghs"]
[Result "0-1"]
[WhiteCountry "ENG"]
[BlackCountry "ENG"]
[WhiteElo "1518"]
[WhiteRD "50"]
[BlackElo "2083"]
[BlackRD "74"]
[GameID "363609"]

1. d4 Nf6 2. Nc3 d5 3. g3 Bf5 4. Bg2 e6 5. Bg5 Be7 6. Nf3 Nbd7 7. O-O O-O 8. Ne5 Nxe5 9. dxe5 Nd7 10. Bxe7 Qxe7
11. f4 Rad8 12. Nb5 Qc5+ 13. Nd4 Bxc2 14. Qd2 Be4 15. e3 Bxg2 16. Kxg2 Qb6 17. b4 a6 18. Nb3 f6 19. exf6 Rxf6 20. a4 c5
21. Rab1 c4 22. Nd4 Rdf8 23. b5 a5 24. Rfe1 Nc5 25. Ra1 Ne4 26. Qc2 e5 27. Nc6 bxc6 28. Rab1 Rh6 29. Qe2 Nc3 30. Qc2 Nxb1
31. Rxb1 Qxe3 32. bxc6 exf4 33. c7 fxg3 34. Rb8 Rxh2#
0-1

[Event "8 Player Open 10"]
[Site "SchemingMind.com"]
[Date "2014.08.25"]
[Round "-"]
[White "greghghs"]
[Black "ray winteringham"]
[Result "1-0"]
[WhiteCountry "ENG"]
[BlackCountry "ENG"]
[WhiteElo "2083"]
[WhiteRD "74"]
[BlackElo "1518"]
[BlackRD "50"]
[GameID "363610"]

1. e4 e5 2. Nf3 Nc6 3. Bb5 d6 4. d4 f6 5. c3 Bd7 6. O-O Qe7 7. Nbd2 O-O-O 8. d5 Na5 9. Bxd7+ Qxd7 10. b4 Nc6
11. dxc6 Qxc6 12. c4 g6 13. a4 Kb8 14. b5 Qb6 15. a5 Qc5 16. Ba3 Qxa3 17. Rxa3 f5 18. b6 cxb6 19. axb6 a6 20. Qa1 d5
21. Rxa6 bxa6 22. Qxa6 Rd7 23. Ra1 Ne7 24. Qa8#
1-0

[Event "8 Player Open 10"]
[Site "SchemingMind.com"]
[Date "2014.08.25"]
[Round "-"]
[White "ray winteringham"]
[Black "Simon Green"]
[Result "0-1"]
[WhiteCountry "ENG"]
[BlackCountry "ENG"]
[WhiteElo "1518"]
[WhiteRD "50"]
[BlackElo "1597"]
[BlackRD "56"]
[GameID "363628"]

1. d4 e6 2. e4 d5 3. e5 c5 4. c3 c4 5. Nf3 f5 6. Bf4 Bd7 7. Be2 Nc6 8. O-O Qb6 9. b3 cxb3 10. axb3 Nge7
11. Nbd2 Ng6 12. Bg5 Be7 13. g3 O-O 14. Bxe7 Ncxe7 15. c4 Bc6 16. c5 Qc7 17. b4 a6 18. Qb3 b5 19. Ra2 Ra7 20. Rfa1 Rfa8
21. Ng5 Bd7 22. Bh5 a5 23. bxa5 Rxa5 24. Nb1 h6 25. Nf3 Rxa2 26. Rxa2 Rxa2 27. Qxa2 Kh7 28. Nfd2 Bc6 29. f4 Nf8 30. Nb3 Nc8
31. Nc3 Na7 32. Be2 Nd7 33. Na5 b4 34. Nd1 Bb5 35. Bxb5 Nxb5 36. Nb3 Nb8 37. Qa4 Nc3 38. Qa1 Nc6 39. Nxc3 bxc3 40. Qxc3 Qa7
41. Kg2 Qa3 42. Qc2 Nb4 43. Qd1 Qb2+ 44. Kh3 Nc2 45. Na5 Nxd4 46. c6 Qc3 47. Qa4 Qc5 48. c7 Qxc7 49. Qxd4 Qxa5 50. Kg2 Qe1
51. Qf2 Qxf2+ 52. Kxf2 g5 53. h4 gxh4 54. gxh4 Kg6 55. Ke3 Kh5 56. Kd4 Kxh4 57. Kc5 Kg4 58. Kd6 d4 59. Kxe6 d3 60. Kf7 d2
61. e6 d1=Q 62. e7 Qd7 63. Kf8 h5
0-1

[Event "8 Player Open 10"]
[Site "SchemingMind.com"]
[Date "2014.08.25"]
[Round "-"]
[White "Simon Green"]
[Black "ray winteringham"]
[Result "1-0"]
[WhiteCountry "ENG"]
[BlackCountry "ENG"]
[WhiteElo "1597"]
[WhiteRD "56"]
[BlackElo "1518"]
[BlackRD "50"]
[GameID "363629"]

1. d4 d5 2. e3 Bf5 3. f4 e6 4. Nf3 Bd6 5. Bd3 Nf6 6. O-O O-O 7. Nbd2 Bxd3 8. cxd3 Nc6 9. a3 h6 10. Ne5 Nd7
11. Qe1 Bxe5 12. fxe5 Ne7 13. e4 dxe4 14. Nxe4 b6 15. Qg3 Nf5 16. Qg4 Nxd4 17. Bxh6 g6 18. Bxf8 Nxf8 19. Nf6+ Kg7 20. Nh5+ Kh6
21. Nf4 Nf5 22. Rf3 Qd4+ 23. Rf2 Qxe5 24. h4 Qf6 25. h5 Qg5 26. Qf3 Rb8 27. hxg6 Nxg6 28. Nxg6 Qxg6 29. Qf4+ Qg5 30. Qxc7 Rg8
31. Qxf7 Nh4 32. Rf6+ Rg6 33. Qf8+ Kh5 34. Qh8+ Kg4 35. Rxg6 Qxg6 36. Qd4+ Kh5 37. Qf2 Qxd3 38. Rf1 a5 39. Qf7+ Kg5 40. Qf6+ Kh5
41. g4+ Kxg4 42. Rf4+ Kh5 43. Qxh4+
1-0

[Event "8 Player Open 10"]
[Site "SchemingMind.com"]
[Date "2014.08.26"]
[Round "-"]
[White "Simon Green"]
[Black "greghghs"]
[Result "0-1"]
[WhiteCountry "ENG"]
[BlackCountry "ENG"]
[WhiteElo "1597"]
[WhiteRD "56"]
[BlackElo "2083"]
[BlackRD "74"]
[GameID "363630"]

1. d4 Nf6 2. e3 g6 3. Bd3 Bg7 4. f4 c5 5. c3 b6 6. Nf3 d5 7. O-O O-O 8. Nbd2 Ba6 9. Bxa6 Nxa6 10. Qe1 Qd6
11. Ne5 b5 12. Qg3 b4 13. h3 e6 14. a3 bxc3 15. bxc3 Rab8 16. Rb1 Rxb1 17. Nxb1 Ne4 18. Qe1 Rb8 19. Nd2 Nxc3 20. Ndf3 Ne4
21. Ng5 Nxg5 22. dxc5 Nxc5 23. Qa5 a6 24. a4 Nb3 25. Qc3 Ne4 26. Qc6 Bxe5 27. Qxd6 Bxd6 28. Bb2 Nbd2
0-1

[Event "8 Player Open 10"]
[Site "SchemingMind.com"]
[Date "2014.08.26"]
[Round "-"]
[White "greghghs"]
[Black "Simon Green"]
[Result "1-0"]
[WhiteCountry "ENG"]
[BlackCountry "ENG"]
[WhiteElo "2083"]
[WhiteRD "74"]
[BlackElo "1597"]
[BlackRD "56"]
[GameID "363631"]

1. e4 e6 2. d4 d5 3. Nd2 Nf6 4. e5 Nfd7 5. Bd3 c5 6. c3 c4 7. Bc2 Be7 8. Qg4 O-O 9. Ne2 f5 10. Qh3 Nc6
11. g4 g6 12. gxf5 exf5 13. Nf4 Nb6 14. Nf3 Kf7 15. Qxh7+ Ke8 16. Nxg6 Be6 17. Nxf8 Bxf8 18. Bxf5 Bxf5 19. Qxf5 Qd7 20. e6 Qe7
21. Qg6+
1-0

[Event "8 Player Open 10"]
[Site "SchemingMind.com"]
[Date "2014.08.26"]
[Round "-"]
[White "e7e5"]
[Black "ray winteringham"]
[Result "1-0"]
[WhiteCountry "POL"]
[BlackCountry "ENG"]
[WhiteElo "1534"]
[WhiteRD "123"]
[BlackElo "1518"]
[BlackRD "50"]
[GameID "363674"]

1. e4 e5 2. Nf3 Nc6 3. Bb5 a6 4. Bxc6 dxc6 5. d3 Bc5 6. Bg5 f6 7. Bh4 Ne7 8. O-O O-O 9. Nc3 Ng6 10. Bg3 b5
11. a3 Bb6 12. Nd2 f5 13. Nf3 Qf6 14. Bxe5 Nxe5 15. Nxe5 Qxe5 16. Kh1 c5 17. f4 Qf6 18. Nd5 Qg6 19. Ne7+ Kf7 20. Nxg6 hxg6
21. Re1 Bb7 22. e5 Bd5 23. b3 Rh8 24. c4 Bc6 25. Ra2 Rh6 26. Rae2 Rah8 27. Kg1 Rxh2 28. Kf2 Ba5 29. Rg1 R8h3 30. e6+ Ke7
31. d4 cxd4 32. b4 Bb6 33. c5 Ba7 34. Qxd4 Rf3+ 35. Ke1 Rxa3 36. Qxg7+ Kd8 37. Qf8+ Be8 38. e7+ Kd7 39. Rd2+ Ke6 40. Qxe8
1-0

[Event "8 Player Open 10"]
[Site "SchemingMind.com"]
[Date "2014.08.26"]
[Round "-"]
[White "ray winteringham"]
[Black "e7e5"]
[Result "0-1"]
[WhiteCountry "ENG"]
[BlackCountry "POL"]
[WhiteElo "1518"]
[WhiteRD "50"]
[BlackElo "1534"]
[BlackRD "123"]
[GameID "363675"]

1. d4 d5 2. Nf3 Bg4 3. h3 Bxf3 4. exf3 e6 5. Bd3 Nc6 6. c3 Bd6 7. O-O Nf6 8. Be3 h6 9. b4 a6 10. a3 Ne7
11. c4 Nc6 12. c5 Be7 13. Nd2 e5 14. Nb3 exd4 15. Nxd4 Nxd4 16. Bxd4 O-O 17. Qe2 c6 18. Bc3 d4 19. Bb2 Nd5 20. Qe4 f5
21. Qxd4 Bf6 22. Qc4 Bxb2 23. Ra2 Be5 24. g4 Kh8 25. Bxf5 Qh4 26. Qe4 Rae8 27. f4 Bxf4 28. Kg2 Rxe4 29. Bxe4 Ne3+
0-1

[Event "8 Player Open 10"]
[Site "SchemingMind.com"]
[Date "2014.08.26"]
[Round "-"]
[White "e7e5"]
[Black "Simon Green"]
[Result "0-1"]
[WhiteCountry "POL"]
[BlackCountry "ENG"]
[WhiteElo "1534"]
[WhiteRD "123"]
[BlackElo "1597"]
[BlackRD "56"]
[GameID "363676"]

1. e4 e6 2. Nf3 d5 3. exd5 exd5 4. d4 Nf6 5. Bd3 Bd6 6. O-O O-O 7. Nc3 c6 8. Bg5 Nbd7 9. Re1 Re8 10. Qd2 Qb6
11. b3 Bb4 12. a3 Bxc3 13. Qxc3 Qc7 14. Bh4 b6 15. Ng5 g6 16. Bg3 Qb7 17. Bd6 Kg7 18. Re2 Rxe2 19. Bxe2 h6 20. Nf3 Nf8
21. Ne5 Ne4 22. Qf3 Bf5 23. g4 Be6 24. Rd1 Qc8 25. h3 f6 26. Nd3 Nxd6 27. Qf4 Ne4 28. f3 g5 29. Qe3 Nc3 30. Rf1 Qc7
31. f4 Re8 32. Ne5 Nxe2+ 33. Qxe2 fxe5 34. fxe5 Ng6 35. Qf3 Rf8 36. Qd3 Rxf1+ 37. Qxf1 Nf4 38. Qf3 c5 39. c3 cxd4 40. cxd4 Qc1+
41. Kf2 Qd2+ 42. Kg3 Qxd4
0-1

[Event "8 Player Open 10"]
[Site "SchemingMind.com"]
[Date "2014.08.26"]
[Round "-"]
[White "Simon Green"]
[Black "e7e5"]
[Result "0-1"]
[WhiteCountry "ENG"]
[BlackCountry "POL"]
[WhiteElo "1597"]
[WhiteRD "56"]
[BlackElo "1534"]
[BlackRD "123"]
[GameID "363677"]

1. d4 d5 2. e3 Nc6 3. c3 g6 4. f4 Bg7 5. Nf3 Nf6 6. Bd3 Bg4 7. O-O O-O 8. Nbd2 e6 9. Qe1 Bxf3 10. Nxf3 a6
11. Ne5 Nxe5 12. fxe5 Nd7 13. e4 dxe4 14. Bxe4 c6 15. Qg3 Qc7 16. Bg5 Nxe5 17. dxe5 Bxe5 18. Bf4 Bxf4 19. Qxf4 e5 20. Qf6 Rae8
21. Rad1 Re6 22. Qg5 f6 23. Qg3 f5 24. Bd3 f4 25. Qg4 Ref6 26. Bc4+ Kh8 27. Rd7 Qb6+ 28. Rf2 Qe3 29. Qh4 h5 30. Rd2 e4
31. Re2 Qc5 32. Rxe4 b5 33. Bb3 f3 34. Rg4 Qe3 35. Rg3 Qe1+ 36. Rf1 f2+
0-1

[Event "8 Player Open 10"]
[Site "SchemingMind.com"]
[Date "2014.08.26"]
[Round "-"]
[White "e7e5"]
[Black "greghghs"]
[Result "0-1"]
[WhiteCountry "POL"]
[BlackCountry "ENG"]
[WhiteElo "1154"]
[WhiteRD "211"]
[BlackElo "2055"]
[BlackRD "81"]
[GameID "363678"]

1. e4 e5 2. Nf3 Nc6 3. Bb5 a6 4. Bxc6 dxc6 5. Nxe5 Qd4 6. Nxf7 Qxe4+ 7. Qe2 Qxe2+ 8. Kxe2 Kxf7 9. d4 Nf6 10. Be3 Bd6
11. f3 Bf5 12. c3 Rae8 13. c4 Bf4 14. g4 Rxe3+ 15. Kf2 Bd3 16. Nc3 Rhe8 17. Rae1 Rxe1 18. Rxe1 Rxe1 19. Kxe1 Bxc4 20. Kf2 g5
21. h3 Bc1 22. b3 Bb2 23. bxc4 Bxc3 24. Ke3 b5 25. c5 Ke6 26. Kd3 Nd5 27. Ke4 b4
0-1

[Event "8 Player Open 10"]
[Site "SchemingMind.com"]
[Date "2014.08.26"]
[Round "-"]
[White "greghghs"]
[Black "e7e5"]
[Result "1-0"]
[WhiteCountry "ENG"]
[BlackCountry "POL"]
[WhiteElo "2055"]
[WhiteRD "81"]
[BlackElo "1154"]
[BlackRD "211"]
[GameID "363679"]

1. e4 e5 2. Nf3 d6 3. d4 exd4 4. Nxd4 c5 5. Bb5+ Bd7 6. Bxd7+ Nxd7 7. Nf5 g6 8. Nxd6+ Bxd6 9. Qxd6 Qb6 10. Qxb6 Nxb6
11. Nc3 a6 12. Be3 Rc8 13. O-O-O Ne7 14. Rhe1 O-O 15. Rd6 Nc4 16. Rd7 Nxe3 17. Rxe3 Rcd8 18. Rxe7 b5 19. Nd5 Rde8 20. Nf6+
1-0

[Event "8 Player Open 10"]
[Site "SchemingMind.com"]
[Date "2014.08.27"]
[Round "-"]
[White "e7e5"]
[Black "SAMAEL"]
[Result "0-1"]
[WhiteCountry "POL"]
[BlackCountry "CAN"]
[WhiteElo "1420"]
[WhiteRD "75"]
[BlackElo "1548"]
[BlackRD "46"]
[GameID "363687"]

1. e4 e5 2. Nf3 d6 3. d3 Nf6 4. Nc3 Nc6 5. Be2 Be7 6. O-O O-O 7. a3 a6 8. d4 exd4 9. Nxd4 Bd7 10. Be3 Re8
11. Bf3 h6 12. Qd2 Bf8 13. h3 Ne5 14. Be2 c5 15. Bxh6 cxd4 16. Nd5 Nxd5 17. exd5 gxh6 18. Qxd4 Bg7 19. Qd2 Qf6 20. f4 Ng6
21. c3 Qe7 22. Rae1 Qe3+ 23. Qxe3 Rxe3 24. Bh5 Rae8 25. f5 Rxe1 26. fxg6 Rxf1+ 27. Kxf1 fxg6 28. Bxg6 Re5 29. c4 Bf5 30. Bh5 Bd3+
0-1

[Event "8 Player Open 10"]
[Site "SchemingMind.com"]
[Date "2014.08.27"]
[Round "-"]
[White "SAMAEL"]
[Black "e7e5"]
[Result "1-0"]
[WhiteCountry "CAN"]
[BlackCountry "POL"]
[WhiteElo "1775"]
[WhiteRD "48"]
[BlackElo "1431"]
[BlackRD "76"]
[GameID "363688"]

1. e4 e5 2. Nf3 d6 3. Be2 Nf6 4. Nc3 Nc6 5. d3 Bg4 6. h3 Bh5 7. O-O Bg6 8. Be3 Be7 9. Nh2 d5 10. exd5 Nxd5
11. Nxd5 Qxd5 12. Bf3 Qe6 13. a3 O-O 14. Re1 Rad8 15. Qe2 Bf6 16. c3 Bxd3 17. Qd1 Bf5 18. Qc1 e4 19. Be2 Be5 20. f4 Bd6
21. Kh1 Qe7 22. Qc2 Bc5 23. Qc1 Bd6 24. g4 Be6 25. Nf1 Qh4 26. Kg2 Ne7 27. f5 Nxf5 28. Bg5 Qxe1 29. Qxe1 Be7 30. gxf5 Bd5
31. Bxe7
1-0

[Event "8 Player Open 10"]
[Site "SchemingMind.com"]
[Date "2014.08.27"]
[Round "-"]
[White "SAMAEL"]
[Black "Simon Green"]
[Result "0-1"]
[WhiteCountry "CAN"]
[BlackCountry "ENG"]
[WhiteElo "1548"]
[WhiteRD "46"]
[BlackElo "1667"]
[BlackRD "55"]
[GameID "363691"]

1. e4 e6 2. Nf3 d5 3. exd5 exd5 4. d4 Nf6 5. Be2 Bd6 6. Nc3 O-O 7. O-O c6 8. h3 Be6 9. Be3 Nbd7 10. Qd2 Ne4
11. Nxe4 dxe4 12. Ne1 Nf6 13. c3 Qc7 14. f3 exf3 15. Nxf3 Ne4 16. Qc2 Ng3 17. Rfe1 Bf5 18. Qc1 Qd7 19. Bf4 Bxf4 20. Qxf4 Nxe2+
21. Rxe2 g6 22. Rae1 Rae8 23. Rxe8 Rxe8 24. Rxe8+ Qxe8 25. Qe5 Qxe5 26. Nxe5 Kg7
0-1

[Event "8 Player Open 10"]
[Site "SchemingMind.com"]
[Date "2014.08.27"]
[Round "-"]
[White "Simon Green"]
[Black "SAMAEL"]
[Result "0-1"]
[WhiteCountry "ENG"]
[BlackCountry "CAN"]
[WhiteElo "1608"]
[WhiteRD "55"]
[BlackElo "1775"]
[BlackRD "48"]
[GameID "363692"]

1. d4 d5 2. e3 Nf6 3. Bd3 e6 4. f4 Be7 5. Nf3 O-O 6. O-O c5 7. c3 Nc6 8. Nbd2 h6 9. Qe1 Nh7 10. Ne5 Bd7
11. Ndf3 Nf6 12. Qg3 Be8 13. Bd2 Nh7 14. Rf2 Nxe5 15. fxe5 c4 16. Bc2 f5 17. exf6 Nxf6 18. Nh4 Nh5 19. Rxf8+ Bxf8 20. Qg4 Qd7
21. Rf1 Be7 22. e4 Nf6 23. Bxh6 Nxg4
0-1

[Event "8 Player Open 10"]
[Site "SchemingMind.com"]
[Date "2014.08.27"]
[Round "-"]
[White "SAMAEL"]
[Black "greghghs"]
[Result "0-1"]
[WhiteCountry "CAN"]
[BlackCountry "ENG"]
[WhiteElo "1548"]
[WhiteRD "46"]
[BlackElo "2110"]
[BlackRD "76"]
[GameID "363693"]

1. Nf3 d6 2. e3 e5 3. h3 f5 4. Nc3 Nf6 5. Be2 Be7 6. O-O O-O 7. d4 e4 8. Nh2 d5 9. a3 c6 10. Bd2 Bd6
11. f4 exf3 12. Nxf3 b6 13. Bd3 Ne4
0-1

[Event "8 Player Open 10"]
[Site "SchemingMind.com"]
[Date "2014.08.27"]
[Round "-"]
[White "greghghs"]
[Black "SAMAEL"]
[Result "1-0"]
[WhiteCountry "ENG"]
[BlackCountry "CAN"]
[WhiteElo "2110"]
[WhiteRD "76"]
[BlackElo "1548"]
[BlackRD "46"]
[GameID "363694"]

1. e4 e5 2. Nf3 d6 3. d4 exd4 4. Nxd4 Be7 5. Nc3 Bd7 6. Bc4 Nf6 7. O-O O-O 8. f4 Nc6 9. a3 a6 10. Nf3 Na5
11. Ba2 h6 12. e5
1-0

[Event "8 Player Open 10"]
[Site "SchemingMind.com"]
[Date "2014.08.27"]
[Round "-"]
[White "e7e5"]
[Black "dmlowrey"]
[Result "0-1"]
[WhiteCountry "POL"]
[BlackCountry "USA"]
[WhiteElo "1431"]
[WhiteRD "76"]
[BlackElo "1456"]
[BlackRD "85"]
[GameID "363708"]

1. e4 c6 2. d4 d5 3. exd5 cxd5 4. Nf3 Nf6 5. Nc3 Nc6 6. Bd3 Bg4 7. h3 Bh5 8. g4 Bg6 9. Bxg6 hxg6 10. g5 Nd7
11. Be3 e6 12. a3 Qb6 13. b4 Qb5 14. Nxb5 O-O-O 15. Ne5 Ndxe5 16. dxe5 Nxe5 17. Qd4 Nf3+ 18. Ke2 Nxd4+ 19. Bxd4 a6 20. Na7+ Kb8
21. b5 Rc8 22. Nxc8 Kxc8 23. b6 Rh5 24. f4 e5 25. Bxe5 f6 26. Bd4 fxg5 27. Be5 gxf4 28. Bxf4 Rf5 29. Rhf1 Rh5 30. Be3 Bd6
31. Rf7 Be5 32. Rc7+ Kd8 33. Rxb7 Bxa1 34. Rxg7 Bxg7 35. b7 Kc7
0-1

[Event "8 Player Open 10"]
[Site "SchemingMind.com"]
[Date "2014.08.27"]
[Round "-"]
[White "dmlowrey"]
[Black "e7e5"]
[Result "1-0"]
[WhiteCountry "USA"]
[BlackCountry "POL"]
[WhiteElo "1456"]
[WhiteRD "85"]
[BlackElo "1431"]
[BlackRD "76"]
[GameID "363709"]

1. d4 d5 2. Nf3 Bg4 3. Bf4 Bxf3 4. gxf3 e6 5. e3 Nc6 6. Bb5 Qd7 7. Nc3 a6 8. Bxc6 Qxc6 9. Qd3 Bd6 10. Bxd6 Qxd6
11. O-O-O Nf6 12. e4 dxe4 13. fxe4 Ng4 14. Qf3 h5 15. h3 Nf6 16. e5 Qc6 17. Qxc6+ Nd7 18. Qxb7 O-O 19. Qxc7 Rad8 20. b4 Rc8
21. Qxd7 Rxc3 22. Rd3 Rcc8 23. Rg1 g6 24. d5 exd5 25. Rgd1 Rc4 26. Rxd5 Rxb4 27. Qe7 Rfb8 28. Rd8+ Rxd8 29. Rxd8+
1-0

[Event "8 Player Open 10"]
[Site "SchemingMind.com"]
[Date "2014.08.27"]
[Round "-"]
[White "ray winteringham"]
[Black "dmlowrey"]
[Result "0-1"]
[WhiteCountry "ENG"]
[BlackCountry "USA"]
[WhiteElo "1522"]
[WhiteRD "52"]
[BlackElo "1456"]
[BlackRD "85"]
[GameID "363710"]

1. d4 d5 2. c4 c6 3. Nf3 Nf6 4. e3 Bf5 5. Bd3 Bg4 6. h3 Bxf3 7. Qxf3 e6 8. O-O Bd6 9. c5 Bc7 10. Bd2 Nbd7
11. Nc3 O-O 12. b4 a5 13. a3 b6 14. Rfe1 axb4 15. axb4 bxc5 16. bxc5 Ba5 17. Qd1 Nb8 18. Rf1 Na6 19. Nxd5 Bxd2 20. Nxf6+ gxf6
21. Qxd2 Nb4 22. Qxb4 e5 23. Qb1 Qd7 24. Rxa8 Rxa8 25. Bxh7+ Kf8 26. Bf5 Qd5 27. Be4 Qd7 28. Rd1 exd4 29. Rxd4 Qc7 30. Rd6 Kg7
31. Bf3 Ra5 32. Rxc6 Qe5 33. Qb6 Ra1+
0-1

[Event "8 Player Open 10"]
[Site "SchemingMind.com"]
[Date "2014.08.27"]
[Round "-"]
[White "dmlowrey"]
[Black "ray winteringham"]
[Result "1-0"]
[WhiteCountry "USA"]
[BlackCountry "ENG"]
[WhiteElo "1452"]
[WhiteRD "98"]
[BlackElo "1518"]
[BlackRD "50"]
[GameID "363711"]

1. d4 d5 2. Nf3 Nf6 3. Bf4 e6 4. e3 Bd6 5. Bg3 Bxg3 6. hxg3 O-O 7. Bd3 Nc6 8. c4 b6 9. Nbd2 Bb7 10. Ne5 Nb4
11. Bxh7+ Nxh7 12. Qh5 Nc2+ 13. Ke2 Nxa1 14. Qxh7#
1-0

[Event "8 Player Open 10"]
[Site "SchemingMind.com"]
[Date "2014.08.27"]
[Round "-"]
[White "SAMAEL"]
[Black "dmlowrey"]
[Result "0-1"]
[WhiteCountry "CAN"]
[BlackCountry "USA"]
[WhiteElo "1548"]
[WhiteRD "46"]
[BlackElo "1547"]
[BlackRD "80"]
[GameID "363712"]

1. e4 c6 2. d3 d5 3. exd5 cxd5 4. Nf3 Bg4 5. c3 Nf6 6. Be3 e6 7. Be2 Be7 8. h3 Bh5 9. Nbd2 O-O 10. O-O Nc6
11. Nd4 Nxd4 12. Bxd4 Bxe2 13. Qxe2 Rc8
0-1

[Event "8 Player Open 10"]
[Site "SchemingMind.com"]
[Date "2014.08.27"]
[Round "-"]
[White "dmlowrey"]
[Black "SAMAEL"]
[Result "1-0"]
[WhiteCountry "USA"]
[BlackCountry "CAN"]
[WhiteElo "1547"]
[WhiteRD "80"]
[BlackElo "1548"]
[BlackRD "46"]
[GameID "363713"]

1. d4 d5 2. Bf4 e6 3. Nf3 Nf6 4. e3 c5 5. c3 Nc6 6. Bd3 Be7 7. h3 h6 8. O-O O-O 9. Nbd2 Bd7 10. Ne5 a6
11. e4 dxe4 12. Nxe4 cxd4 13. Nxf6+ Bxf6 14. Bxh6
1-0

[Event "8 Player Open 10"]
[Site "SchemingMind.com"]
[Date "2014.08.27"]
[Round "-"]
[White "Simon Green"]
[Black "dmlowrey"]
[Result "1-0"]
[WhiteCountry "ENG"]
[BlackCountry "USA"]
[WhiteElo "1608"]
[WhiteRD "55"]
[BlackElo "1456"]
[BlackRD "85"]
[GameID "363714"]

1. d4 d5 2. e3 c6 3. Bd3 Nf6 4. f4 Bg4 5. Nf3 e6 6. O-O Be7 7. Nbd2 O-O 8. Qe1 Nbd7 9. Ne5 Nxe5 10. fxe5 Nd7
11. Qg3 Bf5 12. Bxf5 exf5 13. Rxf5 Bh4 14. Qg4 f6 15. exf6 Bxf6 16. c3 g6 17. e4 Kh8 18. Rf3 Qb6 19. Qxd7 Rad8 20. Qg4 c5
21. Nb3 cxd4 22. Nxd4 Bxd4+ 23. cxd4 Qxd4+ 24. Re3 dxe4 25. Qxe4 Qxe3+ 26. Bxe3
1-0

[Event "8 Player Open 10"]
[Site "SchemingMind.com"]
[Date "2014.08.27"]
[Round "-"]
[White "dmlowrey"]
[Black "Simon Green"]
[Result "0-1"]
[WhiteCountry "USA"]
[BlackCountry "ENG"]
[WhiteElo "1456"]
[WhiteRD "85"]
[BlackElo "1608"]
[BlackRD "55"]
[GameID "363715"]

1. d4 e6 2. Nf3 d5 3. Bf4 Nf6 4. e3 c5 5. c4 cxd4 6. exd4 Nc6 7. Bd3 Bb4+ 8. Nbd2 dxc4 9. Bxc4 Nxd4 10. O-O O-O
11. a3 Nxf3+ 12. Nxf3 Qxd1 13. Raxd1 Be7 14. Be5 Nd7 15. Bc3 Nb6 16. Bb3 Bd7 17. Ne5 Bb5 18. Rfe1 Rad8 19. Nxf7 Kxf7 20. Bxe6+ Kg6
21. Rxd8 Bxd8 22. Re5 a6 23. h4 Bxh4 24. Bb4 Rxf2 25. Bc5 Rf1+ 26. Kh2 Nd7 27. Bxd7 Bxd7
0-1

[Event "8 Player Open 10"]
[Site "SchemingMind.com"]
[Date "2014.08.27"]
[Round "-"]
[White "greghghs"]
[Black "dmlowrey"]
[Result "1-0"]
[WhiteCountry "ENG"]
[BlackCountry "USA"]
[WhiteElo "2120"]
[WhiteRD "75"]
[BlackElo "1456"]
[BlackRD "85"]
[GameID "363716"]

1. e4 c6 2. d4 d5 3. e5 c5 4. dxc5 Nc6 5. Bb5 e6 6. Be3 Qa5+ 7. Nc3 a6 8. Bxc6+ bxc6 9. a3 Bxc5 10. b4 Bxb4
11. axb4 Qxb4 12. Ne2 Ne7 13. O-O O-O 14. Na4 Nf5 15. Bc5 Qe4 16. Bxf8 Kxf8 17. Ng3 Qxe5 18. Nxf5 Qxf5 19. Nb6 Rb8 20. Nxc8 Rxc8
21. Rxa6 c5 22. Qb1 Qe5 23. Qb7
1-0

[Event "8 Player Open 10"]
[Site "SchemingMind.com"]
[Date "2014.08.27"]
[Round "-"]
[White "dmlowrey"]
[Black "greghghs"]
[Result "0-1"]
[WhiteCountry "USA"]
[BlackCountry "ENG"]
[WhiteElo "1547"]
[WhiteRD "80"]
[BlackElo "2110"]
[BlackRD "76"]
[GameID "363717"]

1. d4 Nf6 2. Nf3 g6 3. Bf4 Bg7 4. e3 O-O 5. Be2 d6 6. c4 Nh5 7. Bg3 Nxg3 8. hxg3 c5 9. Nc3 cxd4 10. Nxd4 Nc6
11. Qd3 Bd7 12. O-O-O Rc8 13. f4 Nxd4 14. exd4 b5 15. cxb5 Qa5 16. g4 Qxa2 17. Qb1 Rxc3+ 18. bxc3 Qxe2 19. f5 Rc8 20. Rde1 Qxg4
21. fxg6 hxg6 22. Rxe7 Rxc3+ 23. Kd2 Qxd4+ 24. Ke2 Bg4+ 25. Ke1 Re3+ 26. Rxe3 Qxe3+ 27. Kf1 Be2+ 28. Ke1 Bc3#
0-1

[Event "8 Player Open 10"]
[Site "SchemingMind.com"]
[Date "2014.08.28"]
[Round "-"]
[White "e7e5"]
[Black "Derek Price"]
[Result "0-1"]
[WhiteCountry "POL"]
[BlackCountry "ENG"]
[WhiteElo "1534"]
[WhiteRD "123"]
[BlackElo "2367"]
[BlackRD "79"]
[GameID "363752"]

1. e4 c5 2. Bc4 e6 3. c3 a6 4. d4 b5 5. Bd3 Bb7 6. Nf3 Nf6 7. e5 Nd5 8. c4 bxc4 9. Bxc4 cxd4 10. Nxd4 Qc7
11. Bxd5 Qxe5+ 12. Be3 Bxd5 13. Nf3 Qxb2 14. Nbd2 Nc6 15. O-O Be7 16. Qb1 Qxb1 17. Raxb1 Bxa2 18. Rb2 Bd5 19. Rfb1 a5 20. Nd4 Bf6
21. Nxc6 Bxb2 22. Rxb2 Bxc6 23. Bc5 d5 24. Nf3 f6 25. Nd4 Kd7 26. f3 Rhb8 27. Re2 e5 28. Nc2 Rb2 29. Ba3 Ra2 30. Bc5 Ba4
31. Rd2 Rxc2 32. Rxd5+ Kc6
0-1

[Event "8 Player Open 10"]
[Site "SchemingMind.com"]
[Date "2014.08.28"]
[Round "-"]
[White "Derek Price"]
[Black "ray winteringham"]
[Result "1-0"]
[WhiteCountry "ENG"]
[BlackCountry "ENG"]
[WhiteElo "2358"]
[WhiteRD "80"]
[BlackElo "1516"]
[BlackRD "51"]
[GameID "363753"]

1. e4 e5 2. Nf3 Nc6 3. Bb5 f6 4. O-O Bc5 5. c3 Nge7 6. d4 Bd6 7. d5 Nb8 8. Be3 O-O 9. Nbd2 c6 10. Nc4 cxb5
11. Nxd6 a6 12. Qb3 Qb6 13. Bxb6
1-0

[Event "8 Player Open 10"]
[Site "SchemingMind.com"]
[Date "2014.08.28"]
[Round "-"]
[White "ray winteringham"]
[Black "Derek Price"]
[Result "0-1"]
[WhiteCountry "ENG"]
[BlackCountry "ENG"]
[WhiteElo "1518"]
[WhiteRD "50"]
[BlackElo "2367"]
[BlackRD "79"]
[GameID "363754"]

1. e4 c5 2. Nc3 Nc6 3. d3 g6 4. Be2 Bg7 5. Bd2 Nf6 6. Nf3 d6 7. O-O O-O 8. h3 a6 9. a3 b5 10. Rb1 Rb8
11. Be3 Bb7 12. Nh2 Nd4 13. Bf3 Qc7 14. Bxd4 cxd4 15. Ne2 d5 16. Nxd4 dxe4 17. Be2 Rfd8 18. Nb3 Rbc8 19. Nd2 Qxc2 20. dxe4 Rxd2
21. Qxc2 Rcxc2 22. Bf3 Bxe4 23. b4 Ra2 24. Ra1 Rxf2 25. Rxf2 Rxa1+ 26. Nf1 Bh6 27. Be2 Be3
0-1

[Event "8 Player Open 10"]
[Site "SchemingMind.com"]
[Date "2014.08.28"]
[Round "-"]
[White "Derek Price"]
[Black "SAMAEL"]
[Result "1-0"]
[WhiteCountry "ENG"]
[BlackCountry "CAN"]
[WhiteElo "2321"]
[WhiteRD "77"]
[BlackElo "1548"]
[BlackRD "46"]
[GameID "363755"]

1. e4 e5 2. Nf3 d6 3. Bc4 h6 4. O-O Nf6 5. Re1 Be7 6. c3 O-O 7. d4 exd4 8. cxd4 Bd7 9. e5 dxe5 10. dxe5 Nh7
11. Nc3 Nc6 12. h3 Kh8 13. Qe2 Qc8 14. Be3 a6 15. Rad1 Be6 16. Nd5 Rd8 17. Nxe7 Nxe7 18. Rxd8+ Qxd8 19. Rd1 Qe8 20. Nd4 Bxc4
21. Qxc4 c6 22. Qb3 Nd5 23. Qxb7 Ne7 24. e6
1-0